[Event "TUR-chT 2nd League"]
[Site "Denizli"]
[Date "2023.07.14"]
[Round "8.72"]
[White "Akman, Ozgur"]
[Black "Kartal, Efe Onur"]
[Result "1-0"]
[WhiteElo "1970"]
[BlackElo "1700"]
[PlyCount "87"]
[EventDate "2023.07.09"]
[EventType "team-swiss"]
[EventRounds "9"]
[EventCountry "TUR"]
[SourceTitle "CBM 215 Extra"]
[Source "ChessBase"]
[SourceDate "2023.09.30"]
[SourceVersion "1"]
[SourceVersionDate "2023.09.30"]
[SourceQuality "1"]
[WhiteTeam "Afyonkarahisar Basari"]
[BlackTeam "Calli Spor"]
[WhiteTeamCountry "TUR"]
[BlackTeamCountry "TUR"]

1. Nf3 Nf6 2. c4 b6 3. g3 Bb7 4. Bg2 e5 5. 0-0 d6 6. Nc3 Be7 7. d4 Nbd7 8. dxe5 dxe5 9. Qc2 0-0 10. Rd1 Qb8 11. b3 Re8 12. Bb2 Bf8 13. Rac1 Nc5 14. Nd5 Bxd5 15. cxd5 Bd6 16. Bh3 Qb7 17. b4 Na6 18. a3 Re7 19. Nh4 g6 20. Qd2 Ne8 21. Qh6 Ng7 22. f4 Rae8 23. f5 Nh5 24. f6 Nxf6 25. Nf5 Nh5 26. Rc4 f6 27. Nxe7+ Bxe7 28. Be6+ Kh8 29. Rh4 Bf8 30. Qe3 Nb8 31. Rf1 Bg7 32. Rc4 b5 33. Rc2 Bf8 34. g4 Nf4 35. Rxf4 Bh6 36. Bxe5 fxe5 37. Qxe5+ Bg7 38. Qe4 Nd7 39. Rf7 Qb6+ 40. Kg2 Nf6 41. Qf3 Rxe6 42. dxe6 Qxe6 43. Rcxc7 Nd5 44. Rxg7 1-0

[Event "TUR-chT 2nd League"]
[Site "Konya"]
[Date "2022.08.27"]
[Round "8.11"]
[White "Kartal, Efe Onur"]
[Black "Gungor, Cihan Akif"]
[Result "0-1"]
[WhiteElo "1597"]
[BlackElo "1691"]
[PlyCount "68"]
[EventDate "2022.08.22"]
[EventType "team-swiss"]
[EventRounds "9"]
[EventCountry "TUR"]
[SourceTitle "CBM 210 Extra"]
[Source "ChessBase"]
[SourceDate "2022.11.30"]
[SourceVersion "1"]
[SourceVersionDate "2022.11.30"]
[SourceQuality "1"]
[WhiteTeam "Karaman Yunus Emre"]
[BlackTeam "Afyonkarahisar Basari"]
[WhiteTeamCountry "TUR"]
[BlackTeamCountry "TUR"]

1. c4 e5 2. Nc3 Nc6 3. g3 f5 4. Bg2 Nf6 5. e3 a6 6. Nge2 b5 7. d4 e4 8. 0-0 bxc4 9. Qa4 Rb8 10. a3 Be7 11. f3 exf3 12. Bxf3 0-0 13. Qxc4+ Kh8 14. b4 Bb7 15. Nf4 Bd6 16. Ra2 Re8 17. Nfd5 Ne4 18. Nxe4 fxe4 19. Bg2 Qg5 20. Nc3 Qg4 21. Raf2 Ne7 22. Rf7 Ng6 23. Nd1 Bc6 24. Nf2 Qh5 25. Qc2 Bb5 26. Nxe4 Bxf1 27. Rxf1 Rf8 28. Nf2 c6 29. e4 Rbe8 30. e5 Bc7 31. Qc4 Bb6 32. Bb2 a5 33. b5 Nxe5 34. Qc2 Nf3+ 0-1

[Event "TUR-chT 2nd League"]
[Site "Konya"]
[Date "2022.08.24"]
[Round "4.10"]
[White "Kartal, Efe Onur"]
[Black "Sahin, Taha"]
[Result "1-0"]
[WhiteElo "1597"]
[BlackElo "1661"]
[PlyCount "112"]
[EventDate "2022.08.22"]
[EventType "team-swiss"]
[EventRounds "9"]
[EventCountry "TUR"]
[SourceTitle "CBM 210 Extra"]
[Source "ChessBase"]
[SourceDate "2022.11.30"]
[SourceVersion "1"]
[SourceVersionDate "2022.11.30"]
[SourceQuality "1"]
[WhiteTeam "Karaman Yunus Emre"]
[BlackTeam "Corum Belediye"]
[WhiteTeamCountry "TUR"]
[BlackTeamCountry "TUR"]

1. e4 c5 2. Nc3 Nc6 3. g3 g6 4. Bg2 Bg7 5. d3 d6 6. Be3 e5 7. Nge2 Nge7 8. 0-0 0-0 9. f4 Nd4 10. h3 f5 11. Rb1 Be6 12. Nd5 Rc8 13. Kh2 fxe4 14. dxe4 Nxd5 15. exd5 Bf5 16. Rc1 Qe7 17. Bg1 Rce8 18. Nxd4 cxd4 19. fxe5 Qxe5 20. Rf4 Bh6 21. Bxd4 Qe7 22. Rf2 Bxc1 23. Qxc1 Bd7 24. Bxa7 Rxf2 25. Bxf2 Qe2 26. Kg1 Rf8 27. Bd4 Bf5 28. Qe3 Qxc2 29. Bc3 Qd1+ 30. Kh2 Qd3 31. Qe7 Rf7 32. Qd8+ Rf8 33. Qc7 Rf7 34. Qb8+ Rf8 35. Qxb7 Rf7 36. Qb8+ Rf8 37. Qxd6 Qe2 38. Qc7 Rf7 39. Qb8+ Rf8 40. Qa7 Rf7 41. Qd4 Kf8 42. Qh8+ Ke7 43. Qb8 Kd7 44. Qa7+ Ke8 45. Qa8+ Ke7 46. Bb4+ Kf6 47. Qd8+ Kg7 48. Bc3+ Kh6 49. Qh4+ Qh5 50. Bd2+ Kg7 51. Qd4+ Kg8 52. Bc3 Re7 53. d6 Bxh3 54. Qh8+ Kf7 55. Qg7+ Ke6 56. Qxe7+ Kf5 1-0